| 000 | 00639nam a2200217Ia 4500 | ||
|---|---|---|---|
| 003 | GCL | ||
| 008 | 140319s9999 xx 000 0 ara d | ||
| 040 |
_aGCL / _cGCL |
||
| 082 | 0 | 4 |
_a291.172 _bا ا |
| 100 | 1 | _aاكرام لمعى | |
| 245 | 1 | 0 |
_aالاختراق الصهيونى للمسيحية / _cاكرام لمعى |
| 490 | _a | ||
| 650 | 0 | 4 | _aفلسطين |
| 650 | 0 | 4 | _aاسرائيل |
| 650 | 0 | 4 | _aالمسيح |
| 650 | 0 | 4 | _aالصهيونية |
| 650 | 0 | 4 | _aالمسيحية واليهودية |
| 650 | 0 | 4 | _aالدين المقارن |
| 650 | 0 | 4 | _aاليهود - الارتداد عن المسيحية |
| 942 |
_2ddc _cBK |
||
| 999 |
_c39630 _d39630 |
||